[Event "FIDE World Rapid Team"]
[Site "Almaty KAZ"]
[Date "2024.08.03"]
[Round "7.38"]
[White "Aligozhin, Zhaslan"]
[Black "Isaev, Anton"]
[Result "1-0"]
[WhiteTitle "FM"]
[WhiteElo "2333"]
[BlackElo "2156"]
[WhiteTeam "Greco"]
[BlackTeam "Storm of Dragons"]
[WhiteFideId "13702734"]
[BlackFideId "24185132"]
[EventDate "2024.08.02"]

1. e4 e6 2. d4 d5 3. e5 c5 4. c3 Qd7 5. Nf3 b6 6. Be2 Ba6 7. O-O Ne7 8. Bxa6
Nxa6 9. Qe2 Nc7 10. Rd1 Nc6 11. c4 cxd4 12. Nxd4 Nxd4 13. Rxd4 Bc5 14. Rd1 Qc6
15. Nc3 O-O 16. cxd5 exd5 17. Qf3 Rad8 18. Bg5 Rd7 19. Rac1 Qe6 20. Qg3 h6 21.
Be3 Rfd8 22. Bxc5 bxc5 23. Na4 Na6 24. Rxc5 d4 25. b3 Rd5 26. Rxd5 Rxd5 27. f4
Nb4 28. a3 Nc2 29. Nb2 Nxa3 30. Nd3 Nc2 31. Rc1 Ne3 32. Qf3 Rd8 33. b4 Qf5 34.
Nf2 Rb8 35. g4 Qd7 36. h3 Rxb4 37. Qa8+ Kh7 38. Rc8 Qd5 39. Rh8+ Kg6 40. Rxh6+
Kxh6 41. Qh8+ 1-0

[Event "FIDE World Rapid Team"]
[Site "Almaty KAZ"]
[Date "2024.08.03"]
[Round "7.39"]
[White "Dosmukhambetov, Arystan"]
[Black "Askarov, Bakhtiyar"]
[Result "1-0"]
[BlackTitle "IM"]
[WhiteElo "1976"]
[BlackElo "2280"]
[WhiteTeam "Storm of Dragons"]
[BlackTeam "Greco"]
[WhiteFideId "13742418"]
[BlackFideId "13701100"]
[EventDate "2024.08.02"]

1. Nf3 d5 2. g3 Nf6 3. Bg2 e6 4. O-O b5 5. b3 Bb7 6. Bb2 c5 7. d3 Be7 8. Ne5 O-O
9. Nd2 Qc7 10. a4 b4 11. e3 Nbd7 12. f4 a5 13. Qe2 Nxe5 14. Bxe5 Qc8 15. g4 Nd7
16. Bb2 Bf6 17. Bxf6 Nxf6 18. g5 Ne8 19. Rf3 Nd6 20. Rh3 g6 21. Qg4 c4 22. Qh4
h5 23. gxh6 Kh7 24. Qf6 Nf5 25. Nf3 1-0

[Event "FIDE World Rapid Team"]
[Site "Almaty KAZ"]
[Date "2024.08.03"]
[Round "7.40"]
[White "Suleyev, Alen"]
[Black "Akhmet, Suleyman"]
[Result "1-0"]
[WhiteTitle "FM"]
[WhiteElo "2084"]
[BlackElo "1730"]
[WhiteTeam "Greco"]
[BlackTeam "Storm of Dragons"]
[WhiteFideId "13707213"]
[BlackFideId "13752111"]
[EventDate "2024.08.02"]

1. d4 f5 2. g3 Nf6 3. Bg2 g6 4. Nd2 Bg7 5. e4 fxe4 6. Nxe4 Nxe4 7. Bxe4 d5 8.
Bg2 O-O 9. Nh3 c6 10. O-O Bf5 11. Nf4 e5 12. dxe5 Bxe5 13. Re1 Nd7 14. c3 Re8
15. Be3 Nf6 16. Bd4 Bxf4 17. gxf4 Be4 18. f3 Bf5 19. Rxe8+ Nxe8 20. Qe2 Qc7 21.
Re1 Qxf4 22. Qe7 Qc7 23. Qh4 h5 24. Re7 Qd8 25. Qe1 Qb8 26. Qe3 Kf8 27. Rh7 Nd6 1-0

[Event "FIDE World Rapid Team"]
[Site "Almaty KAZ"]
[Date "2024.08.03"]
[Round "7.41"]
[White "Kim, Kristina"]
[Black "Nasybullina, Alfia"]
[Result "0-1"]
[WhiteTitle "WCM"]
[BlackTitle "WIM"]
[WhiteElo "1943"]
[BlackElo "2034"]
[WhiteTeam "Storm of Dragons"]
[BlackTeam "Greco"]
[WhiteFideId "13712438"]
[BlackFideId "4132416"]
[EventDate "2024.08.02"]

1. d4 Nf6 2. Nf3 c5 3. c3 b6 4. Bg5 d5 5. e3 e6 6. Ne5 Bd6 7. Bb5+ Kf8 8. f4 a6
9. Bd3 Nbd7 10. Nd2 Qc7 11. O-O Bb7 12. Bh4 h5 13. Qe1 Ne4 14. Bxe4 dxe4 15.
Ndc4 cxd4 16. Nxd6 Qxd6 17. cxd4 Rc8 18. Rc1 Nf6 19. Rxc8+ Bxc8 20. Qc3 Bb7 21.
Rc1 Ne8 22. a4 Kg8 23. a5 bxa5 24. Qb3 Bd5 25. Qa4 Qb8 26. Qd7 Nd6 27. Nxf7 Nxf7
28. Rc8+ Qxc8 29. Qxc8+ Kh7 30. Qd7 Nh6 31. Bf6 Rg8 32. Be5 Kg6 33. h3 h4 34.
Kf2 Nf5 35. Bc7 a4 36. Qxa4 Rc8 37. Qd7 Rf8 38. Be5 Ra8 39. Bd6 a5 40. Bc5 Rb8
41. Ba3 Kh6 42. Qc7 Rb3 43. Qxa5 Rxe3 44. Qd8 Kh7 45. Be7 Rb3 46. Bxh4 Rxb2+ 47.
Kg1 e3 48. g4 Rb1+ 49. Kh2 Rh1# 0-1

[Event "FIDE World Rapid Team"]
[Site "Almaty KAZ"]
[Date "2024.08.03"]
[Round "7.42"]
[White "Kabylbek, Yedil"]
[Black "Kertaev, Natan"]
[Result "1/2-1/2"]
[WhiteElo "1857"]
[BlackElo "1828"]
[WhiteTeam "Greco"]
[BlackTeam "Storm of Dragons"]
[WhiteFideId "13744658"]
[BlackFideId "13711555"]
[EventDate "2024.08.02"]

1. e4 e6 2. d4 d5 3. Nc3 Bb4 4. e5 b6 5. Bd2 Ba6 6. Nf3 Bxf1 7. Kxf1 Qd7 8. g3
c5 9. a3 Bxc3 10. Bxc3 Nc6 11. Kg2 Nge7 12. Qe2 Rc8 13. Rhd1 O-O 14. dxc5 bxc5
15. b4 Qc7 16. bxc5 Rfd8 17. Rd2 Na5 18. Bxa5 Qxa5 19. c4 Rxc5 20. cxd5 Nxd5 21.
Qe4 h6 22. Rc2 Rdc8 23. Rxc5 Rxc5 24. Rb1 Rc8 25. Rb3 Qc5 26. Qd4 Qc2 27. Qd3
Qc6 28. Qb5 Qc1 29. Qd3 a5 30. Qb1 Qxb1 31. Rxb1 Rc3 32. Rb8+ Kh7 33. Rb7 f6 34.
exf6 Nxf6 35. Nd4 e5 36. Ne6 Ne8 37. Re7 Rc8 38. Ra7 Kg8 39. Rxa5 e4 40. Nf4 Nf6
41. h3 Rc2 42. Kf1 Ra2 43. Ra8+ Kf7 44. Ra7+ Kg8 45. a4 g5 46. Ne6 Nd5 47. a5 e3
48. fxe3 Nxe3+ 49. Ke1 Nc2+ 50. Kd1 Nb4 51. Nc5 Ra3 1/2-1/2

[Event "FIDE World Rapid Team"]
[Site "Almaty KAZ"]
[Date "2024.08.03"]
[Round "7.43"]
[White "Wageih, Kareim"]
[Black "Kozganbay, Erkin"]
[Result "0-1"]
[WhiteTitle "IM"]
[BlackTitle "FM"]
[WhiteElo "2402"]
[BlackElo "2293"]
[WhiteTeam "Egypt"]
[BlackTeam "Chess Ratel"]
[WhiteFideId "10604561"]
[BlackFideId "13703773"]
[EventDate "2024.08.02"]

1. d4 Nf6 2. Nf3 e6 3. e3 b6 4. Bd3 Bb7 5. O-O g6 6. c4 Bg7 7. Nc3 c5 8. e4 cxd4
9. Nxd4 O-O 10. Be3 d6 11. Qe2 a6 12. Rad1 Nbd7 13. Bb1 Rc8 14. Nb3 Qc7 15. Nd2
Ne5 16. f3 Rfd8 17. Qf2 Nfd7 18. Bg5 Re8 19. Bf4 Qb8 20. g4 Bc6 21. h4 b5 22.
cxb5 axb5 23. Ne2 b4 24. h5 Bb5 25. Rfe1 Bd3 26. hxg6 hxg6 27. Nd4 Bxb1 28. Nxb1
Nxg4 29. fxg4 e5 30. Be3 exd4 31. Bxd4 Ne5 32. Qg2 Rc4 33. b3 Nf3+ 34. Qxf3 Rxd4
35. Rxd4 Bxd4+ 36. Kg2 Rc8 37. Nd2 Rc2 38. Qd3 Qc8 39. Qxd4 Qxg4+ 40. Kf1 Qf4+
41. Ke2 Qh2+ 42. Kd1 Rxa2 43. e5 dxe5 44. Rxe5 Rxd2+ 45. Qxd2 Qxe5 46. Qxb4 g5
47. Qc4 Qe6 48. Qc3 g4 49. b4 Qe4 50. b5 Qd5+ 51. Ke1 Kh7 52. Qc2+ Kg7 53. Qb2+
Kh7 54. b6 Qh1+ 55. Kd2 Qg2+ 56. Kc3 Qxb2+ 57. Kxb2 g3 58. b7 g2 59. b8=Q g1=Q
60. Qf4 Qg2+ 61. Ka3 Kg6 62. Qd6+ f6 63. Qd3+ Kg5 64. Qe3+ Kf5 65. Qc5+ Kg6 66.
Qf8 Qd5 67. Qe8+ Kg5 68. Qe3+ Kg4 69. Qg1+ Kf4 70. Qh2+ Kf5 71. Qh5+ Ke6 72.
Qe8+ Kd6 73. Qb8+ Ke7 74. Qa7+ Ke6 75. Qe3+ Kf7 76. Qh6 f5 77. Qh5+ Kf6 78. Qh4+
Ke5 79. Qe7+ Qe6 80. Qc5+ Ke4 81. Qc2+ Kf3 82. Qd1+ Qe2 83. Qd5+ Qe4 84. Qd1+
Kf2 85. Qd2+ Qe2 86. Qd6 Qe3+ 87. Ka2 f4 88. Ka1 Ke2 89. Qa6+ Qd3 90. Qe6+ Kf1
91. Qh6 Qd4+ 92. Ka2 f3 93. Qc1+ Ke2 94. Qc6 f2 95. Qe6+ Kd2 96. Qh6+ Ke2 97.
Qh5+ Ke1 98. Qe8+ Kd2 99. Qf7 Ke1 100. Qe8+ Kd1 101. Qh5+ Kc2 102. Qe2+ Qd2 103.
Qc4+ Kd1+ 104. Kb1 Ke1 105. Qe4+ Qe2 106. Qb4+ Kf1 107. Qh4 Qd3+ 108. Kc1 Kg1
109. Qg4+ Kh2 110. Qh4+ Kg2 111. Qg4+ Qg3 112. Qe4+ Kh2 113. Qh7+ Qh3 114. Qc7+
Kh1 115. Qc6+ Qg2 116. Qh6+ Kg1 117. Qb6 Qg4 118. Kd2 Qf4+ 119. Ke2 Qe4+ 120.
Kd2 Kg2 121. Qb5 f1=Q 122. Qg5+ Kh2 123. Qh6+ Qh3 124. Qd6+ Kg2 0-1

[Event "FIDE World Rapid Team"]
[Site "Almaty KAZ"]
[Date "2024.08.03"]
[Round "7.44"]
[White "Kassimov, Baurzhan"]
[Black "Wafa, Hamed"]
[Result "1/2-1/2"]
[WhiteTitle "IM"]
[BlackTitle "IM"]
[WhiteElo "2260"]
[BlackElo "2345"]
[WhiteTeam "Chess Ratel"]
[BlackTeam "Egypt"]
[WhiteFideId "13704800"]
[BlackFideId "10628452"]
[EventDate "2024.08.02"]

1. c4 e5 2. Nc3 Bb4 3. Nd5 Be7 4. d4 d6 5. g3 Nf6 6. Bg2 Nxd5 7. cxd5 exd4 8.
Nf3 O-O 9. O-O a5 10. Nxd4 Na6 11. e4 Re8 12. b3 Bf6 13. Bb2 a4 14. Re1 Nc5 15.
Qc2 Bd7 16. Bc3 axb3 17. axb3 Rxa1 18. Bxa1 Qa8 19. b4 Na6 20. Qd2 Qa7 21. Bc3
Qb6 22. Ra1 c5 23. dxc6 bxc6 24. Nc2 Bxc3 25. Qxc3 Rb8 26. Bf1 Nc7 27. Rd1 d5
28. Bg2 Nb5 29. Qe3 Qxe3 30. Nxe3 d4 31. Bf1 dxe3 32. Rxd7 Nc3 33. fxe3 Nxe4 34.
Bc4 Ng5 35. Rc7 Kf8 36. h4 Nf3+ 37. Kf2 Ne5 38. Be2 Rxb4 39. Ke1 Rb1+ 40. Kf2
Rb2 41. Ke1 g6 42. h5 gxh5 43. Bxh5 Rg2 44. g4 Ke8 45. Kf1 Rh2 46. Rc8+ Kd7 47.
Rh8 c5 48. Rxh7 c4 49. g5 Kd6 50. g6 fxg6 51. Bxg6 Rb2 52. Bf5 c3 53. Ke1 Nc4
54. Rh3 c2 55. Bxc2 Rxc2 56. Kd1 Rg2 57. Ke1 Kd5 58. Rh4 Nxe3 59. Rd4+ Kc5 60.
Re4 Nc4 61. Rh4 Ne5 62. Kf1 Ra2 63. Re4 Kd5 64. Rh4 Nf3 65. Rf4 Nd4 66. Rh4 Ke5
67. Rg4 Nf5 68. Rb4 Nd4 69. Rb8 Kf4 70. Rf8+ Nf5 71. Rf7 Ke4 72. Rf8 Ng3+ 73.
Ke1 Ke3 74. Kd1 Ne2 75. Re8+ Kd3 76. Ke1 Nf4 77. Re7 Ng2+ 78. Kf1 Ne3+ 79. Kg1
Ke2 80. Rf7 Ra1+ 81. Kh2 Ra4 82. Kg3 Rg4+ 83. Kh3 Re4 84. Kg3 Nf1+ 85. Kh3 Nd2
86. Kg3 Nc4 87. Rf2+ Kd3 88. Rf8 Ne5 89. Kf2 Re3 90. Rf4 Rh3 91. Kg2 Rh8 92. Ra4
Ke3 93. Ra3+ Nd3 94. Rb3 Ke4 95. Rb7 Nf4+ 96. Kg3 Rg8+ 97. Kf2 Rg2+ 98. Kf1 Ra2
99. Rb3 Nd3 100. Rb8 Rf2+ 101. Kg1 Rc2 102. Re8+ Kf3 103. Rf8+ Nf4 104. Rf7 Rg2+
105. Kf1 Rb2 106. Ke1 Ke3 107. Re7+ Kd4 108. Kf1 Nd5 109. Re8 Ne3+ 110. Ke1 Nf5
111. Kf1 Ng3+ 112. Ke1 Ne4 113. Rh8 Ke3 114. Rh3+ Kf4 115. Ra3 Nd2 116. Kd1 Nb3
117. Ra8 Ke3 118. Re8+ Kd3 119. Rd8+ Nd4 120. Ke1 Re2+ 121. Kf1 Re6 122. Kf2 Ke4
123. Ra8 Rf6+ 124. Ke1 Ke3 125. Ra3+ Ke4 126. Ra8 Kd3 127. Ra3+ Kc4 128. Ra8 Kc3
129. Ra3+ Kc2 130. Ra8 Nb3 131. Ke2 Re6+ 132. Kf2 Kd3 133. Ra3 Rf6+ 134. Ke1 Kc4
135. Ra4+ Kc3 136. Ra3 Kb4 137. Ra8 Nd4 138. Rc8 1/2-1/2

[Event "FIDE World Rapid Team"]
[Site "Almaty KAZ"]
[Date "2024.08.03"]
[Round "7.45"]
[White "Sadek, Sameh"]
[Black "Nukin, Askhat"]
[Result "1/2-1/2"]
[WhiteTitle "FM"]
[BlackTitle "FM"]
[WhiteElo "2286"]
[BlackElo "2268"]
[WhiteTeam "Egypt"]
[BlackTeam "Chess Ratel"]
[WhiteFideId "10602771"]
[BlackFideId "13703625"]
[EventDate "2024.08.02"]

1. d4 f5 2. Nc3 Nf6 3. Bg5 d5 4. Bxf6 exf6 5. e3 Be6 6. Bd3 Qd7 7. Qf3 Nc6 8. a3
O-O-O 9. Nge2 g6 10. h4 Kb8 11. b4 Ne7 12. Nc1 Nc8 13. Nb3 b6 14. Rb1 c6 15. Nd2
Nd6 16. a4 Ne4 17. Bxe4 fxe4 18. Qe2 Bg4 19. Qa6 Qc8 20. Qxc8+ Bxc8 21. Ne2 Ba6
22. b5 cxb5 23. axb5 Bb7 24. c4 dxc4 25. Nc3 f5 26. Ke2 Rc8 27. Rhc1 Be7 28. g3
Rc7 29. Rc2 Rhc8 30. Ra2 Rd8 31. Ra4 Rdc8 32. Rc1 Ba8 33. Ndb1 Bb7 34. Nd2 Ba8
35. Rca1 Bf8 36. Rc1 Be7 37. Rca1 Bf8 1/2-1/2

[Event "FIDE World Rapid Team"]
[Site "Almaty KAZ"]
[Date "2024.08.03"]
[Round "7.46"]
[White "Ulkhanov, Azamat"]
[Black "Sameh Mohamed, Abdalrahman"]
[Result "0-1"]
[WhiteElo "2006"]
[BlackElo "2259"]
[WhiteTeam "Chess Ratel"]
[BlackTeam "Egypt"]
[WhiteFideId "13700235"]
[BlackFideId "54262674"]
[EventDate "2024.08.02"]

1. e4 e5 2. Nf3 Nc6 3. Bb5 a6 4. Ba4 Nf6 5. O-O b5 6. Bb3 Be7 7. d4 d6 8. h3
exd4 9. Bd5 Nxd5 10. exd5 Ne5 11. Nxd4 O-O 12. f4 Ng6 13. Nc6 Qd7 14. Nc3 Bh4
15. f5 Ne7 16. Qh5 Bf6 17. Bg5 Bxg5 18. Qxg5 f6 19. Nxe7+ Qxe7 20. Qd2 Bd7 21.
Rae1 Qf7 22. g4 b4 23. Ne2 Rfe8 24. Nf4 Re5 25. Qxb4 Rae8 26. Qd2 Bb5 27. Rxe5
fxe5 28. Ne2 Bxe2 29. Qxe2 Qxd5 30. Rd1 Qc5+ 31. Qf2 Qc4 32. b3 Qc6 33. c4 e4
34. Qe3 Qd7 35. Rf1 Qe7 36. g5 Rf8 37. h4 Qe5 38. f6 gxf6 39. gxf6 Kf7 40. Kh1
Qh5 41. Qh3 Rd8 42. Qg3 Rg8 43. Qh3 Rg4 0-1

[Event "FIDE World Rapid Team"]
[Site "Almaty KAZ"]
[Date "2024.08.03"]
[Round "7.47"]
[White "Wafa, Shrook"]
[Black "Gein, Dmitriy"]
[Result "1/2-1/2"]
[WhiteTitle "WGM"]
[WhiteElo "2137"]
[BlackElo "1723"]
[WhiteTeam "Egypt"]
[BlackTeam "Chess Ratel"]
[WhiteFideId "10609970"]
[BlackFideId "13781022"]
[EventDate "2024.08.02"]

1. e4 e6 2. d4 d5 3. Nc3 Nf6 4. Bg5 Be7 5. Bxf6 Bxf6 6. Nf3 O-O 7. Qd2 c5 8.
exd5 exd5 9. Be2 Nc6 10. dxc5 d4 11. Ne4 Bf5 12. Nxf6+ Qxf6 13. O-O a5 14. a3 a4
15. Bd3 Bg4 16. Ng5 Bf5 17. Ne4 Qe5 18. Rfe1 Bxe4 19. Rxe4 Qxc5 20. Rae1 Rad8
21. b4 axb3 22. cxb3 Qc3 23. Qd1 Rd6 24. Rh4 h6 25. Rh3 Qa5 26. b4 Qd5 27. Be4
Qg5 28. Rg3 Qf6 29. Rf3 Qd8 30. h3 Re8 31. Bxc6 Rxe1+ 32. Qxe1 Rxc6 33. Qd2 b5
34. Rd3 Rc4 35. Qf4 Qd5 36. h4 h5 37. Kh2 Qd7 38. Qg5 Rc3 39. Qd2 Rxd3 40. Qxd3
Qd5 41. Kg1 Qc4 42. Qxc4 bxc4 43. Kf1 Kf8 44. a4 Ke7 45. a5 Kd7 46. a6 Kc7 47.
b5 Kb6 48. Ke2 Ka7 49. Kd2 Kb6 50. Kc2 Ka7 1/2-1/2

[Event "FIDE World Rapid Team"]
[Site "Almaty KAZ"]
[Date "2024.08.03"]
[Round "7.48"]
[White "Momyn, Madina"]
[Black "Allam, Yara"]
[Result "1/2-1/2"]
[BlackTitle "WCM"]
[WhiteElo "1733"]
[BlackElo "1920"]
[WhiteTeam "Chess Ratel"]
[BlackTeam "Egypt"]
[WhiteFideId "13748866"]
[BlackFideId "10615709"]
[EventDate "2024.08.02"]

1. d4 d5 2. Nf3 Nf6 3. g3 c6 4. Bg2 Bf5 5. O-O e6 6. c4 h6 7. Nc3 Bd6 8. Nd2 O-O
9. e4 dxe4 10. Ndxe4 Be7 11. Nxf6+ Bxf6 12. d5 Qc8 13. Qb3 cxd5 14. cxd5 Bxc3
15. bxc3 exd5 16. Bxd5 Nc6 17. Ba3 Rd8 18. Bxf7+ Kh8 19. Rad1 Qc7 20. Bd5 Rab8
21. Bg2 Bg6 22. Bc1 Rbc8 23. Bf4 Qf7 24. Bd5 Qf6 25. Qxb7 Na5 26. Qxa7 Qxc3 27.
Be6 Nc6 28. Qe3 Qxe3 29. Bxe3 Rb8 30. Rxd8+ Rxd8 31. a4 Rd6 32. Bh3 Bc2 33. Ra1
Na5 34. Bc5 Rd5 35. Bb6 Nb3 36. Rf1 Nd2 37. Bg2 Rd6 38. Bc5 Ra6 39. Bb7 Rxa4 40.
Rc1 Bf5 41. Be3 Ne4 42. Bc6 Ra2 1/2-1/2

[Event "FIDE World Rapid Team"]
[Site "Almaty KAZ"]
[Date "2024.08.03"]
[Round "7.1"]
[White "Aitbayev, Aslan"]
[Black "Shonazarov, Orash"]
[Result "1/2-1/2"]
[WhiteTitle "IM"]
[BlackTitle "FM"]
[WhiteElo "2380"]
[BlackElo "2277"]
[WhiteTeam "Astana-2"]
[BlackTeam "Chess Empire"]
[WhiteFideId "13704613"]
[BlackFideId "13737910"]
[EventDate "2024.08.02"]

1. e4 c5 2. Nf3 d6 3. d4 cxd4 4. Nxd4 Nf6 5. Nc3 Nc6 6. Bg5 Bd7 7. Qd2 Rc8 8.
O-O-O Nxd4 9. Qxd4 Qa5 10. h4 a6 11. f3 h6 12. Be3 e5 13. Qd2 Be7 14. Kb1 Be6
15. a3 Rxc3 16. Qxc3 Qxc3 17. bxc3 d5 18. exd5 Nxd5 19. Bd2 Nb6 20. c4 Bxa3 21.
Bc3 f6 22. Ba5 Nd7 23. Bd3 Ke7 24. Rhe1 Rc8 25. g3 Bxc4 26. f4 Be6 27. Bd2 Bg4
28. Be2 Bf5 29. Bd3 Bg4 30. Be2 Bf5 31. Bd3 1/2-1/2

[Event "FIDE World Rapid Team"]
[Site "Almaty KAZ"]
[Date "2024.08.03"]
[Round "7.2"]
[White "Nurgalimov, Chingis"]
[Black "Akhmedinov, Satbek"]
[Result "0-1"]
[BlackTitle "FM"]
[WhiteElo "2035"]
[BlackElo "2379"]
[WhiteTeam "Chess Empire"]
[BlackTeam "Astana-2"]
[WhiteFideId "4194292"]
[BlackFideId "13714287"]
[EventDate "2024.08.02"]

1. e4 Nf6 2. Nc3 d5 3. e5 Nfd7 4. f4 e6 5. d4 c5 6. Nf3 Nc6 7. Be3 a6 8. Qd2 b5
9. dxc5 Bxc5 10. Bxc5 Nxc5 11. Bd3 Qb6 12. Qf2 b4 13. Ne2 a5 14. O-O Ba6 15. Kh1
Na4 16. Qg3 g6 17. b3 Nc5 18. Qf2 h6 19. Bxa6 Rxa6 20. a3 Ne4 21. Qxb6 Rxb6 22.
axb4 Rxb4 23. Ne1 Ke7 24. Nd3 Rb5 25. Ra4 g5 26. f5 exf5 27. Rxf5 Rc8 28. g3 Ke8
29. h4 Ne7 30. Rf3 g4 31. Re3 Nf5 32. Rexe4 dxe4 33. Rxe4 Rxc2 0-1

[Event "FIDE World Rapid Team"]
[Site "Almaty KAZ"]
[Date "2024.08.03"]
[Round "7.3"]
[White "Mazhkenov, Alisher"]
[Black "Ermekbaev, Iliyas"]
[Result "1-0"]
[WhiteElo "2118"]
[BlackElo "1621"]
[WhiteTeam "Astana-2"]
[BlackTeam "Chess Empire"]
[WhiteFideId "13718983"]
[BlackFideId "13784420"]
[EventDate "2024.08.02"]

1. Nf3 Nf6 2. c4 g6 3. b3 Bg7 4. Bb2 O-O 5. g3 d5 6. Bg2 Nc6 7. cxd5 Nxd5 8.
Bxg7 Kxg7 9. d4 Nb6 10. Nc3 Bg4 11. d5 Bxf3 12. Bxf3 Ne5 13. Bg2 Kg8 14. O-O c6
15. f4 Ng4 16. dxc6 Ne3 17. Qxd8 Raxd8 18. cxb7 Nxf1 19. Kxf1 e6 20. Rc1 Rb8 21.
Rd1 Rfd8 22. Rc1 Nd5 23. Nxd5 exd5 24. Rc7 Kg7 25. Kf2 Rd6 26. Ke3 d4+ 27. Kd3
Kf6 28. Rc8 Rd8 29. Rxd8 Rxd8 30. Bh3 Rd6 31. b8=Q 1-0

[Event "FIDE World Rapid Team"]
[Site "Almaty KAZ"]
[Date "2024.08.03"]
[Round "7.4"]
[White "Sartbayev, Askar"]
[Black "Nugumanov, Bakhtiyar"]
[Result "0-1"]
[BlackTitle "IM"]
[WhiteElo "1702"]
[BlackElo "2288"]
[WhiteTeam "Chess Empire"]
[BlackTeam "Astana-2"]
[WhiteFideId "13751190"]
[BlackFideId "13701797"]
[EventDate "2024.08.02"]

1. e4 e5 2. Nf3 Nc6 3. Bc4 Bc5 4. c3 Nf6 5. d3 a6 6. O-O Ba7 7. Nbd2 d6 8. h3 h6
9. Re1 g5 10. Nf1 g4 11. hxg4 Nxg4 12. Be3 Nxe3 13. Nxe3 Rg8 14. d4 Qf6 15. dxe5
Nxe5 16. Nxe5 dxe5 17. Bf1 Bd7 18. Qe2 O-O-O 19. a4 h5 20. b4 h4 21. Kh1 Kb8 22.
b5 a5 23. Ra2 Be6 24. c4 Bc5 25. Rd1 Qg5 26. Rxd8+ Rxd8 27. Rd2 Rg8 28. Rd1 Qf4
29. Qf3 h3 30. Qxf4 exf4 31. Nd5 hxg2+ 32. Bxg2 Bxf2 33. Bf3 Bg3 34. Nf6 Rh8+
35. Nh5 Bxc4 36. Kg2 Bb3 37. Rd4 Rg8 38. Nf6 Rg6 39. Ng4 Be1 40. Kf1 Bc3 41.
Rd8+ Ka7 42. Rd7 Kb6 43. Rd8 Bxa4 44. Nf2 Bxb5+ 45. Be2 a4 46. Ra8 f3 47. Bxb5
Kxb5 48. Nd1 Bd4 0-1

[Event "FIDE World Rapid Team"]
[Site "Almaty KAZ"]
[Date "2024.08.03"]
[Round "7.5"]
[White "Tokbayev, Anuar"]
[Black "Adilbekuly, Altair"]
[Result "1-0"]
[WhiteElo "1880"]
[BlackElo "1694"]
[WhiteTeam "Astana-2"]
[BlackTeam "Chess Empire"]
[WhiteFideId "13724703"]
[BlackFideId "13763130"]
[EventDate "2024.08.02"]

1. d4 Nf6 2. g3 g6 3. c4 Bg7 4. Nc3 O-O 5. Bg2 Nc6 6. Nf3 d5 7. cxd5 Nxd5 8. O-O
Nb6 9. d5 Na5 10. e4 c6 11. Bg5 h6 12. Be3 cxd5 13. Bxb6 Qxb6 14. Nxd5 Qd8 15.
Qe2 e6 16. Ne3 Bd7 17. Rfd1 Nc6 18. Rd2 Qc7 19. Rc1 Rfe8 20. h4 Rad8 21. a3 a6
22. Rdc2 b5 23. e5 Qb6 24. Ng4 Na5 25. Nd2 Bc8 26. Ne4 Nc4 27. Ngf6+ Bxf6 28.
Nxf6+ Kg7 29. Nxe8+ Rxe8 1-0

[Event "FIDE World Rapid Team"]
[Site "Almaty KAZ"]
[Date "2024.08.03"]
[Round "7.6"]
[White "Zhumagali, Raian"]
[Black "Altynbek, Aiaru"]
[Result "0-1"]
[WhiteTitle "WCM"]
[BlackTitle "WFM"]
[WhiteElo "1632"]
[BlackElo "1990"]
[WhiteTeam "Chess Empire"]
[BlackTeam "Astana-2"]
[WhiteFideId "13730150"]
[BlackFideId "13752472"]
[EventDate "2024.08.02"]

1. e4 c6 2. d4 d5 3. e5 Bf5 4. Nc3 e6 5. g4 Bg6 6. Nge2 c5 7. Be3 Nc6 8. h4 cxd4
9. Bxd4 h5 10. Nf4 Bxc2 11. Qxc2 Nxd4 12. Qa4+ Nc6 13. Nxh5 Qc7 14. f4 g6 15.
Ng3 Qb6 16. Nge2 d4 17. Nb5 Bb4+ 18. Kd1 Nge7 19. a3 d3 20. Qxb4 Nxb4 21. Nd6+
Kf8 22. axb4 dxe2+ 23. Bxe2 Qd4+ 24. Ke1 Qxf4 25. Nc4 Nd5 26. Rh3 Rxh4 27. Rxh4
Qg3+ 28. Kd2 Qxh4 29. Rf1 Qg5+ 30. Kd1 Ne3+ 31. Nxe3 Qxe3 32. Rf3 Rd8+ 33. Ke1
Qg1+ 34. Rf1 Qg3+ 35. Rf2 Rc8 36. Bd1 Rc1 37. Kd2 Rxd1+ 38. Kxd1 Qxf2 0-1

[Event "FIDE World Rapid Team"]
[Site "Almaty KAZ"]
[Date "2024.08.03"]
[Round "7.8"]
[White "Zhakshylykov, Erzhan"]
[Black "Gubaydulin, Talgat"]
[Result "1-0"]
[WhiteTitle "FM"]
[BlackTitle "IM"]
[WhiteElo "2327"]
[BlackElo "2385"]
[WhiteTeam "Noval Group Kyrgystan"]
[BlackTeam "Helicopter"]
[WhiteFideId "13804111"]
[BlackFideId "14202174"]
[EventDate "2024.08.02"]

1. d4 Nf6 2. c4 c5 3. d5 d6 4. Nc3 g6 5. e4 Bg7 6. h3 O-O 7. Nf3 e6 8. Bd3 exd5
9. cxd5 Re8 10. O-O Nbd7 11. Bf4 c4 12. Bc2 Nc5 13. Re1 b5 14. a3 Qb6 15. e5
dxe5 16. Bxe5 Bb7 17. Qd4 a6 18. Ne4 Rxe5 19. Nxf6+ Bxf6 20. Nxe5 Rd8 21. Qf4
Qd6 22. Rad1 Kg7 23. g4 h6 24. h4 g5 25. Qf5 Rh8 26. Nxf7 Qf4 27. Qg6+ Kf8 28.
Nxh6 1-0

[Event "FIDE World Rapid Team"]
[Site "Almaty KAZ"]
[Date "2024.08.03"]
[Round "7.9"]
[White "Rodionov, Adil"]
[Black "Sharshenbekov, Emir"]
[Result "0-1"]
[BlackTitle "CM"]
[WhiteElo "2353"]
[BlackElo "2078"]
[WhiteTeam "Helicopter"]
[BlackTeam "Noval Group Kyrgystan"]
[WhiteFideId "13701266"]
[BlackFideId "13810634"]
[EventDate "2024.08.02"]

1. e4 c5 2. Nf3 d6 3. Bb5+ Nd7 4. O-O a6 5. Bd3 Ngf6 6. b3 b6 7. Bb2 e5 8. Re1
g6 9. c3 Bg7 10. Bc2 O-O 11. d4 Qe7 12. Nbd2 Rd8 13. Nf1 Bb7 14. Ng3 Ne8 15. Qe2
Nc7 16. Rad1 Rac8 17. Bd3 b5 18. a4 bxa4 19. bxa4 a5 20. d5 Nb6 21. Qc2 Qe8 22.
Ra1 Rb8 23. Nd2 Bc8 24. Nc4 Nxc4 25. Bxc4 Bd7 26. Bc1 Na8 27. Bb3 Rb7 28. Qd1
Rdb8 29. Bc2 Nb6 30. Nf1 f5 31. exf5 gxf5 32. Ng3 Qf7 33. Nh5 Nxd5 34. Nxg7 Kxg7
35. Ra3 c4 36. Qf3 Be6 37. Qg3+ Kh8 38. Rd1 Rg8 39. Qh4 Rg4 40. Qh6 Rg6 41. Qh4
Qg8 42. g3 Rc7 43. Bh6 Rg4 44. Qh5 Nf6 45. Qh3 Rd7 46. Qg2 d5 47. Re1 d4 48.
cxd4 Rgxd4 49. Qc6 R4d6 50. Qc5 Rd5 51. Qc6 Ng4 52. Bc1 Qf7 53. Bb2 Qh5 54. h4
Qf7 55. Qxc4 Rc7 56. Qe2 Qd7 57. Bd3 Kg8 58. Bb5 Qd6 59. Rd3 Rxd3 60. Bxd3 e4
61. Bb5 Bb3 62. Bc1 Rc2 63. Qf1 Ne5 64. Bf4 Nf3+ 65. Kh1 Qc5 66. Rc1 Qxf2 67.
Rxc2 Qxc2 68. Qe2 Qb1+ 69. Qf1 Qa2 70. Qe2 Qa1+ 71. Qf1 Qd4 72. Kg2 Bd5 73. Qf2
Qd1 74. Qb6 Ne1+ 75. Kf2 0-1